00961nam a22002657a 45000010005000000030006000050050017000110080041000280200018000690400029000870500015001160820010001311000019001412450102001602500032002622600055002943000045003494900026003945050008004205200167004285210029005955210020006246500020006447000031006644826FISKH20241016164103.0241016b cb ||||| |||| 00| 0 eng d a9781406340518 aFISKHbengcFISKHdFISKH aPZ7.W72934 a813.6 aWinler, Henry  aThe World's Greatest Underachiever and the lucky monkey socks / cby Henry Winkler & Lin Oliver  aThis edition published 2012 aNew York : bPenguin Young Reader Groups ;c2003 . a175 pages : billustrations ; c20 cm .  a Hank Zipzer vBook 4 aS  aThe pressure is on when Hank Zipzer is chosen as pitcher for the softball team at Public School 87's annual Olympiad, the most anticipated day of the school year.8 a800 bLexile estimate 8 aS bRaz-Plus  asportsvfiction aOliver, Lin eillustrator